Online Catalogue and eLibrary

Na. Pitchamoorthiyin kalai : (Record no. 4149)

MARC details
000 -LEADER
fixed length control field 00438nam a2200169Ia 4500
005 - DATE AND TIME OF LATEST TRANSACTION
control field 20250324125506.0
008 - FIXED-LENGTH DATA ELEMENTS--GENERAL INFORMATION
fixed length control field 240331s9999 xx 000 0 und d
020 ## - INTERNATIONAL STANDARD BOOK NUMBER
ISBN 8187477091
082 ## - DDC Classification
Item Number - Author Mark RAM
Class No. 894
100 ## - MAIN ENTRY--PERSONAL NAME
Personal name Ramaswamy, S
245 #0 - TITLE STATEMENT
Title Na. Pitchamoorthiyin kalai :
Remainder of title marabum manidha neyamum
250 ## - EDITION STATEMENT
Edition statement 2nd
260 ## - PUBLICATION, DISTRIBUTION, ETC.
Place of publication, distribution, etc. Nagercoil
Name of publisher, distributor, etc. Kalachuvadu Pathippagam
Date of publication, distribution, etc. 2001
300 ## - PHYSICAL DESCRIPTION
Extent (e.g. Volumes, Pages etc.) 128 p .,
650 ## - SUBJECT ADDED ENTRY--TOPICAL TERM
Topical term or geographic name entry element Critical study
942 ## - Koha item type (Biblio)
Koha item type Books in Stacks (Lending)
Holdings
Lost status Damaged status Collection code Home library Current library Shelving location Date acquired Full call number Accession Number Item type
    Lending WERC Library WERC Library Social Science Cupboard 03/31/2024 894.811 RAM 1986 Books in Stacks (Lending)

© WERC Library